| Поле | Инд. | ПП | Название | Значение |
|---|---|---|---|---|
| Тип записи | a | |||
| Библиографический уровень | m | |||
| 001 | Контрольный номер | 5b05d859-6df7-4744-b042-791b5acc16a0 | ||
| 005 | Дата корректировки | 20131218123314.4 | ||
| 008 | Кодируемые данные | 010202 d | ||
| 020 | a | ISBN | 5-288-00603-2 | |
| c | Цена, тираж | 2.90 | ||
| 040 | a | Служба первич. каталог. | RU-RKP | |
| 040 | a | Служба первич. каталог. | НБ ТвГУ | |
| 041 | a | Код языка текста | rus | |
| 080 | a | Индекс УДК | 327(091)"186/188" | |
| 084 | a | Индекс другой классификации/Индекс ББК | Т3(0)53-6 | |
| 090 | a | Полочн. индекс | Т3(0)53 | |
| x | Авторский знак | В49 | ||
| 100 | 1_ | a | Автор | Виноградов Кирилл Борисович |
| 245 | a | Заглавие | Мировая политика 60-80-х годов XIX века: события и люди | |
| c | Ответственность | К.Б. Виноградов; ЛГУ | ||
| c | Ответственность | ЛГУ | ||
| 260 | 0_ | a | Место издания | Л. |
| b | Издательство | Изд-во Ленингр. ун-та | ||
| c | Дата издания | 1991 | ||
| 300 | a | Объем | 166,[2] с., [12] л. ил. | |
| c | Размеры | 22 см | ||
| 504 | a | Библиография | Библиогр. в примеч.: с. 163. - Имен. указ.: с. 164-167. | |
| 650 | a | Основная рубрика | Международные отношения | |
| x | Основная подрубрика | История | ||
| y | Хронологическая подрубрика | 19 в. | ||
| 650 | a | Основная рубрика | Всемирная история | |
| 653 | a | Ключевые слова | Всемирная история | |
| a | Ключевые слова | История международных отношений | ||
| a | Ключевые слова | Международные отношения | ||
| 852 | t | Порядковый номер экземпляра | 1 | |
| p | Инвентарный номер | 619906 | ||
| 852 | t | Порядковый номер экземпляра | 2 | |
| p | Инвентарный номер | 625144 | ||
| p | Инвентарный номер | 661308 | ||
| 954 | a | Дата поступления на обработку | 20000831 | |
| 999 | a | Подразделение 2 | аб. | |
| a | Подразделение 2 | ч.з. |